00719 2200229 4500001002100000005001500021035002000036007000300056008004100059020001800100082001400118084002000132100001800152245014000170250001000310260003300320300002300353650002000376700002700396700002900423520003700452INLIS00000000000243720181121111623 a0010-1118000040ta181121 g 1 ind  a979-333-00-23 a899.221 3 a899.221 3 KEY f0 aKEYES, Daniel1 aFlower for Algernon :bCharlie, Si Jenius Dungu /cDaniel Keyes; penerjemah, Isma B. Koesalamwardi; penyunting, Dewi Kartika Teguh Wati acet.2 aJakarta :bUfuk Press,c2006 a475 hlm. ;c18 cm. aFIKSI INDONESIA0 aISMA, B. Koesalamwardi0 aDEWI, Kartika Teguh Wati aJudul asli: Flowers for Algernon